000 00811nam a22002537a 4500
005 20170124110050.0
010 _aA-905313
020 _c00.00
_a8174390138
035 _aA-905313
037 _bCen Lib/Ret
040 _aDPL
_bEN
082 _a796.092
_bJAC
100 _aJacobs, Tomothy
_925166
245 _a100 athletes :
_cby Jacobs, Tomothy [and] Mark Raymond Aston; illuustrated by Vadim Vahrameev
_bwho shaped sports history /
260 _aNew Delhi
_bGemini Books
_c1997
270 _aC-4/11, Malviya Nagar
_bNew Delhi
_e110017
300 _a112p. :
_c23cm(Hb)
_bill.
500 _aIncludes index.
650 _aSports
_925167
650 _aAthletes
_925168
700 _aAston, Mark Raymond
_925169
700 _aVahrameev, Vadim
_925170
942 _2ddc
_cEN
_h796.092
_mJAC
999 _c129031
_d129031